000 00411nam a2200145Ia 4500
008 231129s1994||||xx |||||||||||||| ||spa||
020 _a958-95537-5-3
040 _bspa
082 _aCo863 D542mu
100 _aDiaz Granados Jose Luis
245 0 _aEl muro y las palabras: novela
260 _c1994
264 _aPereira Colombia: Graficas Olimpica
942 _2ddc
_cBKS
999 _c11820
_d11820